000 00747nam a22001817a 4500
003 BUBTL
008 190428b xxu||||| |||| 00| 0 eng d
020 _a984-07-5196-4
082 _a954.92 / SAB
100 _92296
_aসরকার, মোনায়েম
245 _aবঙ্গবন্ধু শেখ মুজিবুর রহমান : জীবন ও রাজনীতি (প্রথম খণ্ড) /
_cমোনায়েম সরকার
260 _aঢাকা :
_bবাংলা একাডেমি,
_cc2008
300 _axvi, 520 p. :
_bill. ;
_c22 cm.
650 0 _91755
_aমুক্তিযুদ্ধ
856 _k0
_l0
_yDownload
942 _2ddc
_cBK
999 _c5994
_d5994